000 00589nam a22002052 4500
001 0000005862
005 20151217152007.0
008 070723s xx 000 0 eng d
020 _a8120321871 :
_cKES 750
040 _aKABU
_cKABU
050 0 _aTK5105.875
_b.I57J36
100 1 _aJames, K. L.
_@0000157111
245 1 4 _aThe Internet :
_ba user's guide.
260 _aNew Delhi :
_bPrentice Hall,
_c2003.
300 _ax, 388 p.
650 0 _aInternet (Computer networks)
_@0000157112
908 _a070723
950 _@1
999 _c7094
_d7094